| 000 | 00957nam a2200301 a 4500 | ||
|---|---|---|---|
| 001 | 74595 | ||
| 003 | BD-RjUL | ||
| 005 | 20211209082557.0 | ||
| 008 | 18 r20172013nyua b 001 0 eng d | ||
| 020 | _a9781259098598 | ||
| 020 | _a9780073380575 (alk. paper) | ||
| 035 | _a(BD-RjUL)74813 | ||
| 040 |
_aDLC _cDLC _dDLC _dBD-RjUL _beng |
||
| 041 | _aeng | ||
| 042 | _apcc | ||
| 082 | 0 | 0 |
_a621.31924 _223 _bALF 2017 |
| 100 | 1 |
_aAlexander, Charles K. _9224509 |
|
| 245 | 1 | 0 |
_aFundamentals of electric circuits / _cCharles K. Alexander, Matthew N. O. Sadiku. |
| 250 | _a5th ed. | ||
| 260 |
_aNew York, NY ; _aChennai : _bMcGraw-Hill, _cc2013 [Reprinted 2017] |
||
| 300 |
_axxii, 905, [64] p. : _bill. (chiefly col.) ; _c26 cm. |
||
| 504 | _aIncludes bibliographical references and index. | ||
| 650 | 0 |
_aElectric circuits. _9224510 |
|
| 700 | 1 |
_aSadiku, Matthew N. O. _9224511 |
|
| 942 |
_2ddc _cBK |
||
| 999 |
_c74595 _d74595 |
||